[Event "Lloyds Bank Masters 1st"]
[Site "London"]
[Date "1977.08.30"]
[Round "7.15"]
[White "Large, Peter G"]
[Black "Hodgson, Julian M"]
[Result "0-1"]
[WhiteElo "2280"]
[BlackElo "2210"]
[PlyCount "90"]
[EventDate "1977.08.26"]
[EventType "swiss"]
[EventRounds "10"]
[EventCountry "ENG"]

1. d4 d5 2. c4 e6 3. Nf3 c5 4. e3 Nc6 5. Nc3 Nf6 6. a3 Ne4 7. cxd5 exd5 8. Bd3
Nxc3 9. bxc3 Bd6 10. O-O c4 11. Bc2 f5 12. a4 Qe7 13. Re1 O-O 14. Nd2 Bd7 15.
f3 Qh4 16. Nf1 Rf6 17. g3 Qh3 18. Qe2 Re8 19. Qg2 Qh5 20. Ba3 Bc7 21. f4 Qf7
22. Nd2 Rfe6 23. Kf2 Ba5 24. Bb2 Ne7 25. Nf3 Rb6 26. Ne5 Rxb2 27. Nxf7 Rxc2+
28. Re2 Rxe2+ 29. Kxe2 Kxf7 30. Kd2 Bc6 31. g4 Nc8 32. gxf5 Nd6 33. Rg1 Nxf5
34. Qh3 Bd7 35. Qxh7 Rxe3 36. Rxg7+ Nxg7 37. Kxe3 Bxc3 38. h4 Bf5 39. Qh8 Bg6
40. Ke2 Bxd4 41. Qd8 Be4 42. Qd7+ Kg6 43. Qg4+ Kh7 44. h5 c3 45. h6 Nf5 0-1

[Event "Lloyds Bank Masters 1st"]
[Site "London"]
[Date "1977.08.30"]
[Round "7.18"]
[White "Harding, Timothy David"]
[Black "Caldwell, Susan Linda"]
[Result "1-0"]
[WhiteElo "2250"]
[BlackElo "2080"]
[Annotator "Harding,T"]
[PlyCount "75"]
[EventDate "1977.08.26"]
[EventType "swiss"]
[EventRounds "10"]
[EventCountry "ENG"]
[SourceTitle "Tim Harding"]
[Source "Tim Harding"]
[SourceDate "2023.12.23"]
[SourceVersion "1"]
[SourceVersionDate "2023.12.23"]
[SourceQuality "1"]

1. c4 Nf6 2. Nc3 e6 3. e4 d6 4. d4 Be7 5. Nf3 O-O 6. Bd3 c5 7. dxc5 dxc5 8. e5
Nfd7 9. O-O Nc6 10. Qe2 a6 11. Bf4 Re8 12. Rad1 Qc7 13. Rfe1 Nf8 14. Ng5 Bxg5
15. Bxg5 Nd4 16. Qg4 Ng6 17. f4 Bd7 18. Ne4 b5 19. Nf6+ $1 gxf6 20. Bxf6 bxc4
21. Bb1 Qc8 22. Qg5 Re7 23. Bxg6 fxg6 24. Bxe7 Rb8 25. Rd2 Qc6 26. Bd6 Re8 27.
h4 Qd5 28. Rf2 Nf5 29. h5 Nxd6 30. exd6 Qxg5 31. fxg5 e5 32. Rfe2 Re6 33. Rxe5
Rxd6 34. h6 Rd2 35. Re7 Bc6 36. Rg7+ Kf8 37. Rf1+ Ke8 38. Rf2 1-0

[Event "Lloyds Bank Masters 1st"]
[Site "London"]
[Date "1977.08.30"]
[Round "7.21"]
[White "Bailey, Richard"]
[Black "Sowray, Peter John"]
[Result "0-1"]
[WhiteElo "2305"]
[BlackElo "2160"]
[PlyCount "70"]
[EventDate "1977.08.26"]
[EventType "swiss"]
[EventRounds "10"]
[EventCountry "ENG"]

1. e4 c5 2. Nf3 e6 3. d4 cxd4 4. Nxd4 Nc6 5. Nc3 d6 6. Be2 Nf6 7. O-O Be7 8.
Be3 a6 9. f4 Qc7 10. Qe1 O-O 11. Rd1 Bd7 12. Kh1 b5 13. a3 Nxd4 14. Bxd4 Bc6
15. Bf3 Rac8 16. Rd2 e5 17. Be3 Qb7 18. fxe5 dxe5 19. Nd5 Bxd5 20. exd5 e4 21.
d6 exf3 22. dxe7 Rfe8 23. Rxf3 Qxe7 24. Qd1 Rc6 25. h3 Re6 26. Rd3 Re4 27. Qd2
Qe5 28. c3 h6 29. Bf4 Re1+ 30. Kh2 Qh5 31. Rg3 R1e2 32. Qc1 Kh7 33. Rde3 R8xe3
34. Bxe3 Ne4 35. Rg4 f5 0-1

[Event "Lloyds Bank Masters 1st"]
[Site "London"]
[Date "1977.08.30"]
[Round "7.27"]
[White "Emerson, Roger"]
[Black "Fuller, Maxwell L"]
[Result "0-1"]
[WhiteElo "2225"]
[BlackElo "2365"]
[PlyCount "98"]
[EventDate "1977.08.26"]
[EventType "swiss"]
[EventRounds "10"]
[EventCountry "ENG"]
[SourceTitle "Roger Emerson"]
[Source "BritBase"]
[SourceDate "2020.09.21"]
[SourceVersion "1"]
[SourceVersionDate "2020.09.21"]
[SourceQuality "1"]

1. e4 c5 2. Nf3 d6 3. d4 cxd4 4. Nxd4 Nf6 5. Nc3 g6 6. Be3 Bg7 7. f3 Nc6 8. Qd2
O-O 9. O-O-O Nxd4 10. Bxd4 Be6 11. g4 Qa5 12. Kb1 Rfc8 13. a3 Rab8 14. h4 b5
15. Bxf6 Bxf6 16. Nd5 Qa4 17. b3 Qxa3 18. Nxf6+ exf6 19. Qxd6 b4 20. Rd3 a5 21.
Qd4 a4 22. Qb2 Qxb2+ 23. Kxb2 a3+ 24. Kb1 a2+ 25. Kxa2 Rxc2+ 26. Kb1 Rbc8 27.
Bh3 Rf2 28. g5 Bxh3 29. Rxh3 fxg5 30. hxg5 Rcc2 31. Rh1 Rb2+ 32. Kc1 Rfc2+ 33.
Kd1 Rg2 34. Kc1 Rgc2+ 35. Kd1 Rg2 36. Kc1 Ra2 37. Kb1 Raf2 38. f4 Rxf4 39. Rdh3
Rxg5 40. Rxh7 Rxe4 41. Rh8+ Kg7 42. R8h7+ Kf6 43. Rc1 Rge5 44. Rc6+ Re6 45. Rc7
Re7 46. Rc6+ R4e6 47. Rc4 Re4 48. Rc6+ Kg5 49. Rc5+ f5 {Source: Roger Emerson}
0-1

[Event "Lloyds Bank Masters 1st"]
[Site "London"]
[Date "1977.08.30"]
[Round "7.31"]
[White "Henshaw, John C"]
[Black "Wells, Ian Duncan"]
[Result "1-0"]
[WhiteElo "2170"]
[BlackElo "2050"]
[PlyCount "67"]
[EventDate "1977.08.26"]
[EventType "swiss"]
[EventRounds "10"]
[EventCountry "ENG"]

1. d4 Nf6 2. c4 e6 3. Nf3 b6 4. Nc3 Bb7 5. e3 Bb4 6. Bd3 O-O 7. O-O c5 8. Na4
Qe7 9. a3 Ba5 10. dxc5 bxc5 11. Nxc5 Qxc5 12. b4 Qc7 13. bxa5 d6 14. Bb2 Nbd7
15. Rc1 Rab8 16. Bc3 Ne4 17. Bb4 Ndc5 18. Bb1 Rfd8 19. Nd4 Ba8 20. f3 Nf6 21.
Qc2 Rbc8 22. g4 h6 23. h4 d5 24. g5 Qg3+ 25. Qg2 Qxg2+ 26. Kxg2 hxg5 27. hxg5
Nh7 28. cxd5 Rxd5 29. Nb3 Rxg5+ 30. Kf2 Rh5 31. Rxc5 Rcxc5 32. Nxc5 Ng5 33. e4
g6 34. Nd7 {Source: John Henshaw via Brian Denman, 23 September 2020} 1-0

[Event "Lloyds Bank Masters 1st"]
[Site "London"]
[Date "1977.08.31"]
[Round "8.2"]
[White "Bellin, Robert"]
[Black "Quinteros, Miguel"]
[Result "1/2-1/2"]
[WhiteElo "2400"]
[BlackElo "2555"]
[PlyCount "75"]
[EventDate "1977.08.26"]
[EventType "swiss"]
[EventRounds "10"]
[EventCountry "ENG"]

1. d4 Nf6 2. Nc3 c5 3. d5 d6 4. e4 g6 5. Bb5+ Nfd7 6. Nf3 Bg7 7. O-O O-O 8. Re1
a6 9. Bd3 b5 10. a4 b4 11. Nb1 a5 12. Nbd2 Nb6 13. Nc4 Nxc4 14. Bxc4 Nd7 15.
Bb5 Nb6 16. Rb1 e5 17. dxe6 fxe6 18. Bg5 Qc7 19. Bh4 h6 20. Bg3 e5 21. Nd2 Be6
22. c4 h5 23. b3 Bh6 24. Nf1 Nc8 25. Ne3 Ne7 26. Bh4 Kh7 27. Bxe7 Qxe7 28. Bc6
Rad8 29. Rb2 Qc7 30. Bd5 Bc8 31. Rd2 Rf6 32. Rd3 Rdf8 33. Rf1 Bg5 34. Qe2 Qg7
35. Bc6 Qc7 36. Bd5 Qg7 37. Bc6 Qc7 38. Bd5 1/2-1/2

[Event "Lloyds Bank Masters 1st"]
[Site "London"]
[Date "1977.08.31"]
[Round "8.3"]
[White "Hartston, William Roland"]
[Black "Nunn, John DM"]
[Result "1/2-1/2"]
[WhiteElo "2475"]
[BlackElo "2410"]
[PlyCount "35"]
[EventDate "1977.08.26"]
[EventType "swiss"]
[EventRounds "10"]
[EventCountry "ENG"]

1. d4 Nf6 2. c4 c5 3. d5 e6 4. Nc3 exd5 5. cxd5 d6 6. e4 g6 7. Nf3 Bg7 8. Bg5
h6 9. Bh4 a6 10. Nd2 b5 11. Be2 O-O 12. Qc2 Nbd7 13. O-O Rb8 14. Rae1 Qc7 15.
b3 Re8 16. Kh1 g5 17. Bg3 Ne5 18. f4 1/2-1/2

[Event "Lloyds Bank Masters 1st"]
[Site "London"]
[Date "1977.08.31"]
[Round "8.4"]
[White "Sowray, Peter John"]
[Black "Torre, Eugenio"]
[Result "0-1"]
[WhiteElo "2160"]
[BlackElo "2550"]
[PlyCount "110"]
[EventDate "1977.08.26"]
[EventType "swiss"]
[EventRounds "10"]
[EventCountry "ENG"]

1. e4 c5 2. Nf3 e6 3. d4 cxd4 4. Nxd4 a6 5. Nc3 Qc7 6. Be2 b5 7. f4 Bb7 8. Bf3
d6 9. O-O Nd7 10. Kh1 b4 11. Na4 e5 12. Nf5 Ngf6 13. c3 g6 14. Ne3 exf4 15. Nd5
Nxd5 16. exd5 bxc3 17. Nxc3 Bg7 18. Bxf4 O-O 19. Rc1 Ne5 20. Ne4 Qb6 21. Qd2
Rac8 22. Bh6 Rxc1 23. Qxc1 Nxf3 24. Bxg7 Kxg7 25. Rxf3 Qd4 26. Qc3 Qxc3 27.
Nxc3 Re8 28. Kg1 Re1+ 29. Kf2 Rc1 30. b4 Rc2+ 31. Kg3 Rd2 32. h3 Bxd5 33. Nxd5
Rxd5 34. Ra3 Rb5 35. Rxa6 Rxb4 36. Rxd6 Ra4 37. Rd2 g5 38. Kf3 h5 39. g3 f5 40.
Re2 h4 41. gxh4 Rxh4 42. Kg3 Ra4 43. Rb2 Kg6 44. Rb8 Ra3+ 45. Kg2 Rxa2+ 46. Kg3
f4+ 47. Kf3 Ra3+ 48. Kg2 Rg3+ 49. Kh2 Re3 50. Rf8 Re7 51. Kg2 Re2+ 52. Kf3 Rh2
53. Rh8 Kf6 54. Rh6+ Kf5 55. Rh8 Rxh3+ 0-1

[Event "Lloyds Bank Masters 1st"]
[Site "London"]
[Date "1977.08.31"]
[Round "8.5"]
[White "Basman, Michael John"]
[Black "Pritchett, Craig William"]
[Result "1/2-1/2"]
[WhiteElo "2390"]
[BlackElo "2425"]
[PlyCount "86"]
[EventDate "1977.08.26"]
[EventType "swiss"]
[EventRounds "10"]
[EventCountry "ENG"]

1. d4 Nf6 2. Nf3 b6 3. c3 g6 4. Bg5 Bg7 5. Nbd2 Bb7 6. h3 c5 7. e3 O-O 8. Be2
d6 9. O-O Nbd7 10. Re1 Qc7 11. Qa4 a6 12. dxc5 Nxc5 13. Qh4 Ne6 14. Bh6 Rfe8
15. Rad1 Nh5 16. Bxg7 Nhxg7 17. Bd3 Qc5 18. Nd4 b5 19. Be4 Bxe4 20. Nxe4 Qc7
21. a3 Qb7 22. Nxe6 Nxe6 23. Ng5 Nxg5 24. Qxg5 Rac8 25. Rd4 Rc5 26. Qg3 Qd7 27.
Red1 Qe6 28. R1d2 Rec8 29. Qf3 Qd7 30. Rf4 Rf8 31. Rh4 f6 32. Qd1 Qe6 33. Rdd4
Rfc8 34. Qd3 Qf7 35. a4 f5 36. Rb4 Rd5 37. Rhd4 Rcc5 38. axb5 axb5 39. Rxd5
Qxd5 40. Qxd5+ Rxd5 41. Kf1 Kf7 42. Ke2 Ke6 43. f3 Kd7 1/2-1/2

[Event "Lloyds Bank Masters 1st"]
[Site "London"]
[Date "1977.08.31"]
[Round "8.6"]
[White "Crouch, Colin S"]
[Black "Webb, Simon"]
[Result "0-1"]
[WhiteElo "2300"]
[BlackElo "2430"]
[PlyCount "88"]
[EventDate "1977.08.26"]
[EventType "swiss"]
[EventRounds "10"]
[EventCountry "ENG"]

1. c4 c5 2. g3 e6 3. Nf3 Nf6 4. Bg2 Nc6 5. O-O d5 6. cxd5 exd5 7. d4 Be7 8. Nc3
O-O 9. Bg5 cxd4 10. Nxd4 h6 11. Bxf6 Bxf6 12. Nb3 d4 13. Na4 Re8 14. Nac5 a5
15. Rc1 Qb6 16. a4 Bg4 17. Nxb7 Nb4 18. N7c5 Rad8 19. Bf3 Bxf3 20. exf3 d3 21.
Ne4 Be7 22. Nbd2 Nc2 23. Nc4 Qb3 24. Ne3 Rc8 25. Nc3 Qxb2 26. Ncd5 Nxe3 27.
Nxe7+ Kf8 28. fxe3 Rc2 29. Rxc2 dxc2 30. Qc1 Rb8 31. Kf2 Kxe7 32. Qxb2 Rxb2 33.
Rc1 Kd6 34. Ke2 Kc5 35. Kd2 Kb4 36. Rxc2 Rxc2+ 37. Kxc2 Kxa4 38. e4 f6 39. Kc3
Kb5 40. f4 Kc5 41. h3 a4 42. g4 a3 43. h4 a2 44. Kb2 Kd4 0-1

[Event "Lloyds Bank Masters 1st"]
[Site "London"]
[Date "1977.08.31"]
[Round "8.7"]
[White "Bennett, Terry B"]
[Black "Cooper, John G"]
[Result "1/2-1/2"]
[WhiteElo "2265"]
[BlackElo "2320"]
[PlyCount "32"]
[EventDate "1977.08.26"]
[EventType "swiss"]
[EventRounds "10"]
[EventCountry "ENG"]

1. d4 Nf6 2. Nc3 d6 3. e4 g6 4. Nf3 Bg7 5. Bc4 c6 6. Qe2 O-O 7. e5 dxe5 8. dxe5
Nd5 9. h3 Na6 10. Nxd5 cxd5 11. Bxa6 bxa6 12. Be3 Qa5+ 13. c3 Bd7 14. Qd2 Bb5
15. Bh6 Bxh6 16. Qxh6 f6 1/2-1/2

[Event "Lloyds Bank Masters 1st"]
[Site "London"]
[Date "1977.08.31"]
[Round "8.8"]
[White "Hodgson, Julian M"]
[Black "Franklin, Michael J"]
[Result "1/2-1/2"]
[WhiteElo "2210"]
[BlackElo "2300"]
[PlyCount "68"]
[EventDate "1977.08.26"]
[EventType "swiss"]
[EventRounds "10"]
[EventCountry "ENG"]

1. e4 c5 2. f4 d5 3. exd5 Qxd5 4. Nc3 Qd8 5. Nf3 Nc6 6. Bc4 Nf6 7. Ne5 Nxe5 8.
fxe5 Qd4 9. Qe2 Bg4 10. Bb5+ Nd7 11. Qe4 O-O-O 12. Qxd4 cxd4 13. Bxd7+ Bxd7 14.
Ne2 Bc6 15. O-O f6 16. Nf4 fxe5 17. Ne6 Re8 18. Ng5 Bd5 19. Re1 h6 20. Rxe5 e6
21. Nf7 Rg8 22. d3 Be7 23. Re2 Rgf8 24. Ne5 Rf5 25. Bd2 Bd6 26. Rae1 Ref8 27.
a3 Rh5 28. Bb4 Kc7 29. c4 dxc3 30. bxc3 Bxe5 31. Rxe5 Rxe5 32. Rxe5 Rf6 33. c4
Bc6 34. d4 b6 1/2-1/2

[Event "Lloyds Bank Masters 1st"]
[Site "London"]
[Date "1977.08.31"]
[Round "8.9"]
[White "Vranesic, Zvonko"]
[Black "Speelman, Jonathan S"]
[Result "1/2-1/2"]
[WhiteElo "2400"]
[BlackElo "2395"]
[PlyCount "36"]
[EventDate "1977.08.26"]
[EventType "swiss"]
[EventRounds "10"]
[EventCountry "ENG"]

1. d4 Nf6 2. c4 e6 3. Nc3 Bb4 4. e3 Nc6 5. Nf3 Qe7 6. Be2 e5 7. O-O Bxc3 8.
bxc3 d6 9. a4 O-O 10. a5 Rb8 11. Ba3 b6 12. axb6 axb6 13. c5 bxc5 14. dxc5 d5
15. c4 Rd8 16. cxd5 Nxd5 17. Qc2 Bg4 18. h3 Bh5 1/2-1/2

[Event "Lloyds Bank Masters 1st"]
[Site "London"]
[Date "1977.08.31"]
[Round "8.10"]
[White "Kinlay, Jonathan"]
[Black "Rayner, Emmanuel"]
[Result "1/2-1/2"]
[WhiteElo "2275"]
[BlackElo "2335"]
[PlyCount "72"]
[EventDate "1977.08.26"]
[EventType "swiss"]
[EventRounds "10"]
[EventCountry "ENG"]

1. e4 c5 2. Nf3 e6 3. d4 cxd4 4. Nxd4 Nc6 5. Nc3 Qc7 6. Be2 a6 7. O-O Nf6 8.
Be3 Bb4 9. Na4 O-O 10. Nxc6 bxc6 11. c4 Be7 12. Bd3 c5 13. f4 d6 14. Nc3 Re8
15. Qf3 Nd7 16. Qh3 Nf8 17. Rae1 Bf6 18. e5 dxe5 19. Ne4 Be7 20. fxe5 Qxe5 21.
Qf3 f5 22. Nf6+ Qxf6 23. Qxa8 Qxb2 24. Re2 Qc3 25. Rd1 Rd8 26. Bc2 Qxc4 27.
Red2 Rxd2 28. Rxd2 Bd7 29. Rxd7 Qe2 30. Bf2 Qxc2 31. g3 Bf6 32. Rc7 Bd4 33.
Bxd4 Qd1+ 34. Kg2 cxd4 35. Qe8 Qe2+ 36. Kg1 Qe1+ 1/2-1/2

[Event "Lloyds Bank Masters 1st"]
[Site "London"]
[Date "1977.08.31"]
[Round "8.13"]
[White "Yeo, Michael J"]
[Black "James, Geoffrey H"]
[Result "1/2-1/2"]
[WhiteElo "2080"]
[BlackElo "2230"]
[PlyCount "84"]
[EventDate "1977.08.26"]
[EventType "swiss"]
[EventRounds "10"]
[EventCountry "ENG"]

1. e4 g6 2. d4 Bg7 3. Nc3 d6 4. f4 Nc6 5. Be3 e5 6. dxe5 dxe5 7. Qxd8+ Kxd8 8.
O-O-O+ Bd7 9. Nf3 Nge7 10. Bc4 exf4 11. Bxf4 Bxc3 12. bxc3 Kc8 13. Bxf7 Rf8 14.
Ng5 h6 15. Rxd7 Kxd7 16. Rd1+ Kc8 17. Be6+ Kb8 18. Nf7 g5 19. Be5 a5 20. Bg7
Rg8 21. Bxh6 Rg6 22. Bc4 Ne5 23. Nxe5 Rxh6 24. h3 Rh4 25. Rd7 Nc6 26. Ng4 Rxg4
27. hxg4 Ne5 28. Rd4 c5 29. Rd8+ Ka7 30. Rd5 Nxc4 31. Rxc5 b5 32. Rxb5 Re8 33.
Rxg5 Rxe4 34. Kd1 Kb6 35. Rg8 Kc6 36. g5 Kd6 37. Rd8+ Kc5 38. g6 Rg4 39. Rg8
Rxg2 40. g7 Nd6 41. Kc1 a4 42. a3 Kd5 {Source: GH James via Brian Denman, 23
September 2020} 1/2-1/2

[Event "Lloyds Bank Masters 1st"]
[Site "London"]
[Date "1977.08.31"]
[Round "8.15"]
[White "Taulbut, Shaun M"]
[Black "Rumens, David E"]
[Result "1-0"]
[WhiteElo "2395"]
[BlackElo "2270"]
[PlyCount "131"]
[EventDate "1977.08.26"]
[EventType "swiss"]
[EventRounds "10"]
[EventCountry "ENG"]

1. g3 f5 2. Bg2 Nf6 3. c4 e6 4. Nc3 Be7 5. Nh3 O-O 6. O-O d6 7. d4 Qe8 8. Nf4
c6 9. d5 e5 10. dxc6 bxc6 11. Nfd5 Nxd5 12. Nxd5 Bd8 13. b3 Bb7 14. Nc3 Ba5 15.
Nb5 d5 16. Nd6 Qd7 17. Nxb7 Qxb7 18. cxd5 e4 19. d6 Bc3 20. Rb1 Na6 21. b4 Qf7
22. f3 exf3 23. Bxf3 Nxb4 24. Qa4 Qc4 25. a3 Qc5+ 26. Kh1 Nd5 27. Bf4 g5 28.
Bxg5 Qxd6 29. Rfd1 Kh8 30. Rb7 Qg6 31. Bc1 Rad8 32. Rd3 Be5 33. Qh4 Bf6 34. Qc4
Ne7 35. Be3 Rxd3 36. exd3 Nd5 37. Bd4 Qe8 38. Bxd5 cxd5 39. Qb4 Qd8 40. Qb2 a5
41. Rb6 Bxd4 42. Qxd4+ Kg8 43. Rb5 Qe8 44. Qxd5+ Rf7 45. Qe5 Qc6+ 46. Kg1 Qc1+
47. Kf2 Qxa3 48. Rxa5 Qf8 49. Rb5 Re7 50. Qf4 Qf6 51. Qb4 Qg5 52. Qc4+ Kg7 53.
Qd4+ Kf7 54. Qd5+ Kg7 55. Qd4+ Kg6 56. Qf4 Qh5 57. Rb6+ Kf7 58. Qc4+ Kg7 59.
Qd4+ Kf7 60. Qf6+ Kg8 61. Rb8+ Re8 62. Qe6+ Kg7 63. Rxe8 Qxh2+ 64. Ke1 Qxg3+
65. Kd2 Qf4+ 66. Qe3 1-0

[Event "Lloyds Bank Masters 1st"]
[Site "London"]
[Date "1977.08.31"]
[Round "8.18"]
[White "Patterson, Nicholas J"]
[Black "Patrick, David I"]
[Result "1-0"]
[WhiteElo "2340"]
[BlackElo "2290"]
[PlyCount "63"]
[EventDate "1977.08.26"]
[EventType "swiss"]
[EventRounds "10"]
[EventCountry "ENG"]

1. d4 Nf6 2. c4 e6 3. Nc3 Bb4 4. f3 c5 5. d5 Bxc3+ 6. bxc3 d6 7. e4 e5 8. g4
Nbd7 9. h4 Qa5 10. Bd2 Nb6 11. h5 h6 12. Bd3 Bd7 13. Nh3 O-O-O 14. Qe2 g6 15.
hxg6 fxg6 16. Kf2 Rdf8 17. Kg2 g5 18. Nf2 Rfg8 19. Nd1 h5 20. Ne3 hxg4 21. Nxg4
Nh5 22. Rxh5 Rxh5 23. Nf6 g4 24. Nxg8 Nxd5 25. exd5 Qd8 26. Rh1 Qxg8 27. f4
exf4 28. Bxf4 Rxh1 29. Kxh1 Qh8+ 30. Kg1 Qxc3 31. Bxd6 g3 32. Bf5 1-0

[Event "Lloyds Bank Masters 1st"]
[Site "London"]
[Date "1977.08.31"]
[Round "8.19"]
[White "Pein, Malcolm"]
[Black "Lambert, Glenn EJ"]
[Result "1/2-1/2"]
[WhiteElo "2105"]
[BlackElo "2420"]
[PlyCount "61"]
[EventDate "1977.08.26"]
[EventType "swiss"]
[EventRounds "10"]
[EventCountry "ENG"]

1. d4 Nf6 2. c4 g6 3. Nc3 Bg7 4. e4 d6 5. Be2 O-O 6. Bg5 c5 7. d5 h6 8. Be3 e6
9. Qd2 exd5 10. exd5 Kh7 11. h3 Re8 12. Bd3 b5 13. Nxb5 Ne4 14. Qc2 Ng3 15.
fxg3 Rxe3+ 16. Kf2 Bd4 17. Nxd4 cxd4 18. Nf3 Na6 19. Rhd1 Nb4 20. Qb3 Rb8 21.
Qa3 Bf5 22. Bxf5 Rxa3 23. bxa3 Na6 24. Bc2 Rb2 25. Rac1 Rxa2 26. Nxd4 Nc5 27.
Kg1 Qg5 28. Kh2 Qe3 29. Nf3 Nd3 30. Bxd3 Qxf3 31. Bf1 1/2-1/2

[Event "Lloyds Bank Masters 1st"]
[Site "London"]
[Date "1977.08.31"]
[Round "8.21"]
[White "Fuller, Maxwell L"]
[Black "Cummings, David H"]
[Result "1/2-1/2"]
[WhiteElo "2365"]
[BlackElo "2190"]
[PlyCount "52"]
[EventDate "1977.08.26"]
[EventType "swiss"]
[EventRounds "10"]
[EventCountry "ENG"]

1. d4 Nf6 2. c4 g6 3. Nc3 d5 4. Nf3 Bg7 5. e3 O-O 6. Bd2 b6 7. Qb3 e6 8. cxd5
exd5 9. Be2 Bb7 10. O-O Nbd7 11. Rfd1 c5 12. dxc5 Nxc5 13. Qa3 Re8 14. b4 Nce4
15. Be1 Qe7 16. Qb3 Ng4 17. Bb5 Nexf2 18. Nxd5 Bxd5 19. Rxd5 Red8 20. Rc1 Rxd5
21. Qxd5 Rd8 22. Qb3 Nd3 23. Rd1 Nxe1 24. Rxe1 Ne5 25. Nxe5 Bxe5 26. Rf1 Bf6
1/2-1/2

[Event "Lloyds Bank Masters 1st"]
[Site "London"]
[Date "1977.08.31"]
[Round "8.22"]
[White "Wells, Ian Duncan"]
[Black "Caldwell, Susan Linda"]
[Result "1-0"]
[WhiteElo "2050"]
[BlackElo "2080"]
[PlyCount "63"]
[EventDate "1977.08.26"]
[EventType "swiss"]
[EventRounds "10"]
[EventCountry "ENG"]
[SourceTitle "Britbase"]
[Source "John Saunders"]
[SourceDate "2015.07.06"]
[SourceVersion "1"]
[SourceVersionDate "2015.07.06"]
[SourceQuality "1"]

1. b3 Nf6 2. Bb2 g6 3. e3 Bg7 4. Nf3 O-O 5. Be2 d6 6. d4 c6 7. O-O Bg4 8. Nbd2
Nbd7 9. h3 Bxf3 10. Nxf3 Qc7 11. c4 Rfe8 12. Qc2 e5 13. dxe5 dxe5 14. Rfd1 e4
15. Nd2 Rad8 16. Nf1 c5 17. Ng3 Qc6 18. Rd2 Nb8 19. Rad1 Rxd2 20. Rxd2 Qe6 21.
Qd1 Nc6 22. Rd6 Qe7 23. Bxf6 Bxf6 24. Rd7 Qe5 25. Rxb7 Rd8 26. Rd7 Rxd7 27.
Qxd7 Nb4 28. Qb7 Qa1+ 29. Bf1 Qxa2 30. Nxe4 Be5 31. Qc8+ Kg7 32. Qxc5 1-0

[Event "Lloyds Bank Masters 1st"]
[Site "London"]
[Date "1977.08.31"]
[Round "8.23"]
[White "Povah, Nigel Edward"]
[Black "Harding, Timothy David"]
[Result "1-0"]
[WhiteElo "2320"]
[BlackElo "2250"]
[PlyCount "39"]
[EventDate "1977.08.26"]
[EventType "swiss"]
[EventRounds "10"]
[EventCountry "ENG"]

1. e4 e6 2. d4 d5 3. Nc3 Nf6 4. Bg5 Bb4 5. e5 h6 6. Be3 Ne4 7. Qg4 g5 8. Bd3 h5
9. Qf3 Bd7 10. Nge2 c5 11. Bxe4 g4 12. Qf4 dxe4 13. O-O-O cxd4 14. Rxd4 Nc6 15.
Rxb4 Nxb4 16. Nxe4 Nxa2+ 17. Kb1 Kf8 18. Bc5+ Kg7 19. Nf6 Kg6 20. h4 1-0

[Event "Lloyds Bank Masters 1st"]
[Site "London"]
[Date "1977.08.31"]
[Round "8.24"]
[White "Henshaw, John C"]
[Black "Bailey, Richard"]
[Result "1-0"]
[WhiteElo "2170"]
[BlackElo "2305"]
[PlyCount "125"]
[EventDate "1977.08.26"]
[EventType "swiss"]
[EventRounds "10"]
[EventCountry "ENG"]

1. d4 Nf6 2. c4 g6 3. Nc3 Bg7 4. e4 d6 5. f3 O-O 6. Bg5 c5 7. d5 h6 8. Bf4 a6
9. Qd2 Kh7 10. h4 Nh5 11. Bh2 e5 12. dxe6 Qxh4+ 13. Qf2 Qxf2+ 14. Kxf2 Bd4+ 15.
Ke1 Bxe6 16. g4 Nf6 17. Bxd6 Rd8 18. Bf4 h5 19. Nd5 Bxd5 20. cxd5 Bxb2 21. Rb1
Bc3+ 22. Kf2 b5 23. Ne2 Ba5 24. gxh5 Nxh5 25. Ng3 Nd7 26. Nxh5 gxh5 27. Rxh5+
Kg7 28. Bh3 Nf8 29. Rg1+ Ng6 30. Bf5 Bc3 31. Bh6+ Kg8 32. Bxg6 Bd4+ 33. Be3
Bxe3+ 34. Kxe3 fxg6 35. Rxg6+ Kf7 36. Rc6 c4 37. Rh7+ Kg8 38. Rb7 Rac8 39. Rcc7
c3 40. Kd3 b4 41. Kc2 Rxc7 42. Rxc7 Rf8 43. a3 a5 44. axb4 axb4 45. Rb7 Rxf3
46. Rxb4 Re3 47. d6 Kf7 48. d7 Ke7 49. Rd4 Kd8 50. Kb3 Rh3 51. e5 Rh8 52. Kxc3
Ke7 53. e6 Rd8 54. Re4 Ra8 55. Kb4 Rb8+ 56. Kc5 Rb1 57. Re5 Rc1+ 58. Kb6 Rb1+
59. Kc6 Rd1 60. Rd5 Rc1+ 61. Rc5 Rd1 62. Kc7 Rd2 63. Kc8 {Source: John Henshaw
via Brian Denman, 23 September 2020} 1-0

[Event "Lloyds Bank Masters 1st"]
[Site "London"]
[Date "1977.08.31"]
[Round "8.29"]
[White "Mayers, Dan E"]
[Black "Trevelyan, John"]
[Result "1-0"]
[WhiteElo "2110"]
[BlackElo "2205"]
[PlyCount "90"]
[EventDate "1977.08.26"]
[EventType "swiss"]
[EventRounds "10"]
[EventCountry "ENG"]

1. e4 e5 2. f4 d5 3. exd5 e4 4. Nc3 Nf6 5. Qe2 Qe7 6. d3 Bf5 7. dxe4 Nxe4 8.
Bd2 Nxc3 9. Qxe7+ Bxe7 10. Bxc3 Bxc2 11. Bxg7 Rg8 12. Bc3 Be4 13. O-O-O Nd7 14.
Nf3 O-O-O 15. Re1 f5 16. Nd2 Bh4 17. Re2 Bxd5 18. Rg1 Rde8 19. g3 Be7 20. Bh3
Bc5 21. Rge1 Rxe2 22. Rxe2 Rf8 23. Bxf5 h5 24. Re5 Bc6 25. Bxd7+ Kxd7 26. Rxh5
Be3 27. b3 b5 28. Kd1 Bxd2 29. Kxd2 Re8 30. Be5 a5 31. g4 Be4 32. Rh6 Re6 33.
Rxe6 Kxe6 34. Ke3 Bb1 35. a3 b4 36. axb4 axb4 37. Kd4 Bc2 38. Kc4 Bd1 39. Kxb4
Bxg4 40. Kc5 Bf3 41. Kd4 Kf5 42. Ke3 Bd5 43. b4 Bf7 44. Kd4 Be8 45. Kc5 Ke6 1-0

[Event "Lloyds Bank Masters 1st"]
[Site "London"]
[Date "1977.08.31"]
[Round "8.31"]
[White "Peterson, Tony"]
[Black "Emerson, Roger"]
[Result "1/2-1/2"]
[WhiteElo "2065"]
[BlackElo "2225"]
[PlyCount "48"]
[EventDate "1977.08.26"]
[EventType "swiss"]
[EventRounds "10"]
[EventCountry "ENG"]
[SourceTitle "Roger Emerson"]
[Source "BritBase"]
[SourceDate "2020.09.21"]
[SourceVersion "1"]
[SourceVersionDate "2020.09.21"]
[SourceQuality "1"]

1. e4 c5 2. Nf3 Nc6 3. d4 cxd4 4. Nxd4 Nf6 5. Nc3 e5 6. Ndb5 d6 7. Bg5 a6 8.
Na3 b5 9. Nd5 Be7 10. Bxf6 Bxf6 11. c3 O-O 12. Nc2 Rb8 13. Bd3 Bg5 14. O-O Be6
15. Nce3 Ne7 16. Bc2 g6 17. Bb3 Bxe3 18. Nf6+ Kg7 19. fxe3 Ng8 20. Nxg8 Kxg8
21. Bxe6 fxe6 22. Qb3 Qd7 23. Rad1 Rxf1+ 24. Rxf1 Rf8 {Source: Roger Emerson}
1/2-1/2

[Event "Lloyds Bank Masters 1st"]
[Site "London"]
[Date "1977.08.31"]
[Round "9.1"]
[White "Quinteros, Miguel"]
[Black "Hartston, William Roland"]
[Result "1-0"]
[WhiteElo "2555"]
[BlackElo "2475"]
[PlyCount "97"]
[EventDate "1977.08.26"]
[EventType "swiss"]
[EventRounds "10"]
[EventCountry "ENG"]

1. c4 g6 2. Nc3 c5 3. Nf3 Bg7 4. d4 cxd4 5. Nxd4 Nc6 6. Nc2 Bxc3+ 7. bxc3 d6 8.
e4 Nf6 9. f3 Nd7 10. Be2 Nc5 11. Bh6 f6 12. O-O Be6 13. Nb4 Qd7 14. Nd5 O-O-O
15. Be3 Kb8 16. a4 f5 17. exf5 Bxf5 18. a5 Na6 19. Rf2 Rc8 20. Bf1 Ne5 21. Rb2
e6 22. Nb4 Nxb4 23. cxb4 g5 24. Rc1 Rhg8 25. Rd2 Nf7 26. Bf2 g4 27. f4 Qc7 28.
Qb3 Ka8 29. Qe3 Qb8 30. Rcd1 Rge8 31. c5 dxc5 32. bxc5 Nd8 33. a6 Nc6 34. axb7+
Qxb7 35. Ra1 Rc7 36. g3 e5 37. Bg2 e4 38. Rd5 Qb2 39. Rad1 Ne7 40. Bxe4 Bxe4
41. Qxe4 Qb7 42. Rd8+ Rxd8 43. Rxd8+ Nc8 44. Qf5 a5 45. Qxg4 a4 46. Qd1 Qa6 47.
Rd4 Ra7 48. Qf3+ Qb7 49. c6 1-0